00699nab a2200205 i 4500001000400000003000400004005001700008008003900025040000800064080000800072100014700080245008500227260001000312500002600322650003300348650001300381773007100394942001300465999001500478BPPBPK20160107122525.0140617s1987 pl f |000 0  cBPK a664 aMILANOWSKI, Jerzy.d1974 - 1993.bWyższa Szkoła Inżynierska w Koszalinie - Wydział Mechaniczny,cZakład Maszyn Przemysłu Spożywczego aO niektórych uwarunkowaniach systemu maszyn spożywczych /cJerzy Milanowski. c1987. aDane z kartoteki bpp. 0aPrzemysł rolno-spożywczy. 0aMaszyny. iW :tPrace Instytutu Maszyn Spożywczych. -g1987, nr 2, s. 44-56 cART2UKD c7073d7073